000 01143cam a22003377a 4500
003 CHAP
005 20220329140314.0
008 971013s1910 r 00010 d
010 _a50091
011 _a51063
035 _a55213
040 _cCHAP
090 _aFolleto 5816
100 0 0 _aFernández, Emilio.
_940331
245 1 3 _aEl vértigo abdominal de los equídeos
_b: enfermedad conocida también con los nombres de mal de malacate, locura del caballo vértigo, etc.
260 _aMéxico :
_bEstación Agrícola Central,
_c1910
300 _a21 p.
410 _aEstación Agrícola Central
490 0 _aBoletín
_v; 44
590 _aBATCH-UPD
_b10
_c20130110
_lUCH01
_h0833
590 _aBATCH-UPD
_b10
_c20130410
_lUCH01
_h0511
590 _aBATCH-UPD
_b10
_c20130914
_lUCH01
_h0651
590 _aBATCH-UPD
_b10
_c20130914
_lUCH01
_h2138
590 _aCONVERSION
_b10
_c20130109
_lUCH01
_h1327
650 1 4 _aGanado caballar
_xEnfermedades.
_944973
810 0 0 _aEstación Agrícola Central
_938201
830 0 _aBoletín
_v; 44
_913507
901 _aBK
942 _cFOLL
949 _aFolleto 5816
_bBC
_cBPP
_d-121303
_eBPP
_i55213
_mD
_si
999 _c50091
_d50091